Campesinado y agricultura en América Latina

में बचाया:
ग्रंथसूची विवरण
मुख्य लेखक: Menéndez, Iván
स्वरूप: मूलपाठ
प्रकाशित: s.l.: s.e.
टैग: टैग जोड़ें
कोई टैग नहीं, इस रिकॉर्ड को टैग करने वाले पहले व्यक्ति बनें!

MARC

LEADER 00000 a a2200000 04500
001 25201
003
040
090 |a 180200  
100 |a Menéndez, Iván  
245 |a Campesinado y agricultura en América Latina  
260 |a s.l.:   |b s.e.  
300 |a 9 p.  
999 |c 5419  |d 5419